1917 1214 1081 1048 1989 1264 1955 1493 1277 1239 1868 1933 1022 1179 1517 1953 1962 1855 1274 1109 1508 1058 1592 1947 1472 1412 1036 1976 1591 1919 1155 1540 1037 1160 1298 1574 1643 1269 1182 1103 1401 1995 1861 1496 1124 1558 1286 1396 1494 1635 1826 1598 1841 1703 1082 1678 1322 1922 1643 1634 1833 1047 1291 1442 2000 1576 1286 1293 1041 1150 1802 1609 1501 1306 1948 1912 1132 1899 1403 1207 1418 1228 1959 1831 1517 1124 1810 1442 1262 1454 1688 1991 1326 1243 1230 1132 1235 1352 1882 BCNSPRNW ULIB Ver.6.0+V

เปลี่ยนเป็นภาษาไทย

Change to English
 แสดงรายละเอียดบรรณานุกรม
  กลับหน้าหลัก

Brief Record : Get Marc (ISO 2709) : E-mail record : QR code < ปิดหน้าต่าง
LEADER : 00000nam 2200000uu 4500
001    13399121098
003     ULIB
008    121106s2552||||th 000 0 tha d
020    ^a9789749922835
050  4 ^aLB1033.5^bช424ท
100 0  ^aชิษณุ พันธุ์เจริญ
245 00 ^aทักษะการสื่อสารเพื่อความเป็นเลิศด้านการเรียนการสอน /^c[บรรณาธิการ] ชิษณุ พันธุ์เจริญ, จรุงจิตร์ งามไพบูลย์
260    ^aกรุงเทพฯ :^bธนาเพรส,^c2552
300    ^a129, [3] หน้า :^bภาพประกอบ ;^c21 ซม.
650  4 ^aการสื่อสาร
650  4 ^aการสื่อสารทางการศึกษา
650  4 ^aการสื่อสารทางการแพทย์
700 0  ^aชิษณุ พันธุ์เจริญ,^eบรรณาธิการ
700 0  ^aจรุงจิตร์ งามไพบูลย์,^eบรรณาธิการ
945    ^p160^l0^i15668
945    ^p160^l0^i16204
945    ^p160^l0^i15667
995    ^aวิภา
999 ^a ทศพร
รายการนี้ยังไม่มีแท็ก
คุณยังไม่ได้ล็อกอิน คุณสามารถมีกิจกรรมร่วมกับเว็บไซต์ได้ แต่ต้องล็อกอินก่อน ::
  ล็อกอิน

รายการสื่อสารสนเทศ

ลำดับที่ ประเภท เลขเรียก/บาร์โค้ด สถานที่ สถานะ
1. วิทยาศาสตร์การแพทย์ และสุขภาพ
วิทยาศาสตร์การแพทย์ และสุขภาพ
LB1033.5 ช424ท  
  Barcode: 15668
ห้องสมุดวิทยาเขตสวรรค์ประชารักษ์
►หนังสือทั่วไป
บนชั้น
2. วิทยาศาสตร์การแพทย์ และสุขภาพ
วิทยาศาสตร์การแพทย์ และสุขภาพ
LB1033.5 ช424ท ฉ.2 
  Barcode: 16204
ห้องสมุดวิทยาเขตสวรรค์ประชารักษ์
►หนังสือทั่วไป
บนชั้น
3. วิทยาศาสตร์การแพทย์ และสุขภาพ
วิทยาศาสตร์การแพทย์ และสุขภาพ
LB1033.5 ช424ท ฉ.3 
  Barcode: 15667
ห้องสมุดวิทยาเขตสวรรค์ประชารักษ์
►หนังสือทั่วไป
บนชั้น

รายการใกล้เคียง
    ผู้แต่ง [ชิษณุ พันธุ์เจริญ]

    หัวเรื่อง [การสื่อสาร]
    หัวเรื่อง [การสื่อสารทางการศึกษา]
    หัวเรื่อง [การสื่อสารทางการแพทย์]

BibComment


ยังไม่เคยถูกคอมเมนท์

คอมเมนท์ทรัพยากรรายการนี้
  คอมเมนท์: ทักษะการสื่อสารเ..


 Copyright 2026. Bcnsprnw @Library